The Lele of the Kasai (Record no. 42874)
[ view plain ]
| 000 -LEADER | |
|---|---|
| fixed length control field | 00436nam a2200181Ia 4500 |
| 003 - CONTROL NUMBER IDENTIFIER | |
| control field | 0100 |
| 005 - DATE AND TIME OF LATEST TRANSACTION | |
| control field | 20171208103443.0 |
| 008 - FIXED-LENGTH DATA ELEMENTS--GENERAL INFORMATION | |
| fixed length control field | 130303s9999 xx 000 0 und d |
| 040 ## - CATALOGING SOURCE | |
| Transcribing agency | ARRUPELIB |
| 050 ## - LIBRARY OF CONGRESS CALL NUMBER | |
| Classification number | GN654.D66 1963 |
| 300 ## - PHYSICAL DESCRIPTION | |
| Other physical details | 286p. 22cm. |
| 100 ## - MAIN ENTRY--PERSONAL NAME | |
| Personal name | Douglas, Mary |
| 9 (RLIN) | 37881 |
| 245 #4 - TITLE STATEMENT | |
| Title | The Lele of the Kasai |
| 260 ## - PUBLICATION, DISTRIBUTION, ETC. (IMPRINT) | |
| Place of publication, distribution, etc | London |
| Name of publisher, distributor, etc | Oxford University Press |
| Date of publication, distribution, etc | 1963 |
| 300 ## - PHYSICAL DESCRIPTION | |
| Extent | xiv |
| 650 ## - SUBJECT ADDED ENTRY--TOPICAL TERM | |
| Topical term or geographic name as entry element | Lele (African people) |
| 9 (RLIN) | 38063 |
| 942 ## - ADDED ENTRY ELEMENTS (KOHA) | |
| Source of classification or shelving scheme | Library of Congress Classification |
| Koha item type | Monograph ( Printed materials) |
| Withdrawn status | Lost status | Source of classification or shelving scheme | Damaged status | Not for loan | Collection code | Home library | Current library | Shelving location | Date acquired | Total Checkouts | Full call number | Barcode | Date last seen | Copy number | Price effective from | Koha item type |
|---|---|---|---|---|---|---|---|---|---|---|---|---|---|---|---|---|
| Library of Congress Classification | Main Collection | ARRUPE LIBRARY | ARRUPE LIBRARY | Main Collection | 04/03/2013 | GN654.D66 1963 | 46003042891 | 09/04/2018 | 1 | 04/03/2013 | Monograph ( Printed materials) | |||||
| Library of Congress Classification | Main Collection | ARRUPE LIBRARY | ARRUPE LIBRARY | Main Collection | 23/03/2018 | GN654.D66 1963 | 46600001842 | 23/03/2018 | 2 | 23/03/2018 | Monograph ( Printed materials) |